[Event "DEN-ch Blitz op"]
[Site "Avedore"]
[Date "2023.05.14"]
[Round "2"]
[White "Nielsen, Lars Aaes"]
[Black "Ost Hansen, Jacob"]
[Result "0-1"]
[WhiteElo "2189"]
[BlackElo "2338"]
[PlyCount "90"]
[EventDate "2023.05.14"]
[EventType "swiss (blitz)"]
[EventRounds "13"]
[EventCountry "DEN"]
[SourceTitle "CBM 214 Extra"]
[Source "ChessBase"]
[SourceDate "2023.07.31"]
[SourceVersion "1"]
[SourceVersionDate "2023.07.31"]
[SourceQuality "1"]

1. e4 c5 2. c3 d5 3. exd5 Qxd5 4. d4 Nf6 5. Nf3 e6 6. Be2 Nc6 7. Na3 Qd8 8. Nc2 b6 9. Be3 cxd4 10. Ncxd4 Bd7 11. Bb5 Nxd4 12. Nxd4 a6 13. Bxd7+ Qxd7 14. Nf3 b5 15. 0-0 Nd5 16. Bd4 f6 17. Re1 Kf7 18. a4 Bd6 19. axb5 axb5 20. Rxa8 Rxa8 21. Qb3 Qc6 22. h3 g6 23. Nd2 Ra4 24. Ne4 Be7 25. Qd1 e5 26. Be3 Nxe3 27. Rxe3 Rxe4 28. Rxe4 Qxe4 29. Qb3+ Qc4 30. Qd1 b4 31. cxb4 Qxb4 32. Qd5+ Kf8 33. g3 h5 34. Kg2 Qd4 35. Qa8+ Kg7 36. Qb7 Qd6 37. b3 f5 38. h4 Kf6 39. Qa8 Ke6 40. Qg8+ Kf6 41. Qh8+ Kf7 42. Qh7+ Ke8 43. Qg8+ Kd7 44. Qc4 Qc6+ 45. Qxc6+ Kxc6 0-1

[Event "DEN-chT 2223 60th"]
[Site "Denmark"]
[Date "2023.01.14"]
[Round "5.3"]
[White "Pedersen, Peer Ole"]
[Black "Nielsen, Lars Aaes"]
[Result "0-1"]
[WhiteElo "2085"]
[BlackElo "2182"]
[PlyCount "76"]
[EventDate "2022.10.29"]
[EventType "team-tourn"]
[EventRounds "9"]
[EventCountry "DEN"]
[SourceTitle "CBM 213 Extra"]
[Source "ChessBase"]
[SourceDate "2023.05.31"]
[SourceVersion "1"]
[SourceVersionDate "2023.05.31"]
[SourceQuality "1"]
[WhiteTeam "Nordre"]
[BlackTeam "Nordkalotten"]
[WhiteTeamCountry "DEN"]
[BlackTeamCountry "DEN"]

1. c4 b6 2. Nc3 Bb7 3. d4 e6 4. e3 Bb4 5. Bd2 f5 6. Nge2 Nf6 7. a3 Bxc3 8. Bxc3 d6 9. Nf4 Qe7 10. f3 Nbd7 11. Qc2 g5 12. Nd3 g4 13. Be2 gxf3 14. Bxf3 Ne4 15. 0-0-0 0-0-0 16. c5 dxc5 17. dxc5 Nxc3 18. Bxb7+ Kxb7 19. Qxc3 Nxc5 20. Ne5 Rxd1+ 21. Rxd1 Rd8 22. Rxd8 Qxd8 23. b4 Ne4 24. Qc6+ Kb8 25. Qd7 Qxd7 26. Nxd7+ Kc8 27. Ne5 c5 28. Kc2 Kc7 29. bxc5 bxc5 30. Kd3 Kd6 31. Nc4+ Kd5 32. Nb2 Nf2+ 33. Ke2 Ng4 34. h3 Ne5 35. Kd2 Nc4+ 36. Nxc4 Kxc4 37. Kc2 e5 38. g3 e4 0-1

[Event "Copenhagen Obro New Year op"]
[Site "Copenhagen"]
[Date "2022.12.28"]
[Round "4"]
[White "Nielsen, Lars Aaes"]
[Black "Lauritsen, Martin Lee"]
[Result "1/2-1/2"]
[WhiteElo "2182"]
[BlackElo "2058"]
[PlyCount "43"]
[EventDate "2022.12.27"]
[EventType "swiss"]
[EventRounds "7"]
[EventCountry "DEN"]
[SourceTitle "CBM 211 Extra"]
[Source "ChessBase"]
[SourceDate "2023.01.31"]
[SourceVersion "1"]
[SourceVersionDate "2023.01.31"]
[SourceQuality "1"]

1. e4 c5 2. c3 Nf6 3. e5 Nd5 4. Nf3 Nc6 5. d4 cxd4 6. cxd4 d6 7. Bc4 Nb6 8. Bb5 d5 9. Bf4 Bg4 10. Bxc6+ bxc6 11. Nbd2 e6 12. 0-0 Rc8 13. h3 Bh5 14. Rc1 c5 15. dxc5 Bxc5 16. Nb3 Be7 17. Qe2 0-0 18. Na5 Qd7 19. g4 Bg6 20. Nd4 Bc5 21. Ndb3 Bb4 22. Bd2 1/2-1/2

[Event "Copenhagen Obro New Year op"]
[Site "Copenhagen"]
[Date "2022.12.27"]
[Round "1"]
[White "Vehl, Tina"]
[Black "Nielsen, Lars Aaes"]
[Result "0-1"]
[WhiteElo "1794"]
[BlackElo "2182"]
[PlyCount "92"]
[EventDate "2022.12.27"]
[EventType "swiss"]
[EventRounds "7"]
[EventCountry "DEN"]
[SourceTitle "CBM 211 Extra"]
[Source "ChessBase"]
[SourceDate "2023.01.31"]
[SourceVersion "1"]
[SourceVersionDate "2023.01.31"]
[SourceQuality "1"]

1. e4 e6 2. d4 d5 3. Bd3 c5 4. exd5 Qxd5 5. Nc3 Qd8 6. Nf3 Nf6 7. 0-0 Nc6 8. dxc5 Bxc5 9. a3 a6 10. Bg5 Be7 11. Be2 0-0 12. Qxd8 Rxd8 13. Rad1 Bd7 14. Na4 Be8 15. Nb6 Rxd1 16. Rxd1 Rd8 17. Rxd8 Bxd8 18. Nc4 Bc7 19. Bc1 Nd5 20. Ne3 Nf4 21. Bf1 f6 22. g3 Bh5 23. gxf4 Bxf3 24. Bc4 Nd4 25. Kf1 b5 26. Ba2 Bxf4 27. c3 Nc6 28. Bxe6+ Kf8 29. h3 h5 30. Bd2 Ne5 31. Nc4 Bxd2 32. Nxd2 Bc6 33. Ke2 Ke7 34. Bf5 g5 35. f3 h4 36. Ke3 a5 37. b3 Bd5 38. f4 Nf7 39. fxg5 fxg5 40. Kd4 Bg2 41. Ne4 Nh6 42. Bc8 g4 43. hxg4 h3 44. Nf2 h2 45. Kc5 Nf7 46. Bf5 Ng5 0-1

[Event "DEN-chT 2122 59th"]
[Site "Denmark"]
[Date "2022.01.29"]
[Round "5.8"]
[White "Skou, Niels"]
[Black "Nielsen, Lars Aaes"]
[Result "1/2-1/2"]
[WhiteElo "2045"]
[BlackElo "2184"]
[PlyCount "81"]
[EventDate "2021.10.30"]
[EventType "team-tourn"]
[EventRounds "9"]
[EventCountry "DEN"]
[SourceTitle "EXT 2024"]
[Source "ChessBase"]
[SourceDate "2023.10.10"]
[SourceVersion "1"]
[SourceVersionDate "2023.10.10"]
[SourceQuality "1"]
[WhiteTeam "Obro"]
[BlackTeam "Nordkallotten"]
[WhiteTeamCountry "DEN"]
[BlackTeamCountry "DEN"]

1. d4 e6 2. c4 d5 3. Nc3 a6 4. c5 b6 5. cxb6 cxb6 6. Nf3 Nc6 7. Bf4 Nf6 8. e3 Bd6 9. Bd3 Bb7 10. 0-0 b5 11. Bxd6 Qxd6 12. Qe2 Ne7 13. Ne5 Ng6 14. f4 Ne4 15. Bxb5+ Ke7 16. Bd3 f6 17. Bxe4 dxe4 18. Nc4 Qc7 19. f5 Rac8 20. b3 Nf8 21. fxe6 Kxe6 22. Qh5 g6 23. Qh6 Kf7 24. Rf2 Nd7 25. Raf1 Rce8 26. Qf4 Qxf4 27. Rxf4 g5 28. Rf5 Ke7 29. Na4 Rhf8 30. Nc5 Nxc5 31. Rxc5 Rc8 32. Rff5 Rxc5 33. Rxc5 Rc8 34. Ra5 Rc7 35. Kf2 Rd7 36. Ke2 Rd5 37. Rxd5 Bxd5 38. Kd2 h5 39. Kc3 Ke6 40. a4 h4 41. b4 1/2-1/2

[Event "DEN-chT 1920 58th"]
[Site "Denmark"]
[Date "2020.09.06"]
[Round "9.2"]
[White "Nielsen, Lars Aaes"]
[Black "Jorgensen, Brian"]
[Result "1/2-1/2"]
[WhiteElo "2221"]
[BlackElo "2252"]
[PlyCount "24"]
[EventDate "2019.11.23"]
[EventType "team-tourn"]
[EventRounds "9"]
[EventCountry "DEN"]
[SourceTitle "EXT 2021"]
[Source "ChessBase"]
[SourceDate "2020.10.23"]
[SourceVersion "1"]
[SourceVersionDate "2020.10.23"]
[SourceQuality "1"]
[WhiteTeam "Nordkallotten"]
[BlackTeam "Koge Xtracon"]
[WhiteTeamCountry "DEN"]
[BlackTeamCountry "DEN"]

1. e4 c5 2. c3 Nf6 3. e5 Nd5 4. d4 cxd4 5. cxd4 Nc6 6. Bc4 Nb6 7. Bb3 d5 8. exd6 e6 9. Nc3 Qxd6 10. Nge2 Qd8 11. 0-0 Be7 12. a3 Bf6 1/2-1/2

[Event "DEN-chT 1718 56th"]
[Site "Denmark"]
[Date "2017.11.18"]
[Round "1.2"]
[White "Junge, Kai"]
[Black "Nielsen, Lars Aaes"]
[Result "0-1"]
[WhiteElo "2212"]
[BlackElo "2245"]
[PlyCount "122"]
[EventDate "2017.11.18"]
[EventType "team-tourn"]
[EventRounds "9"]
[EventCountry "DEN"]
[SourceTitle "CBM 181 Extra"]
[Source "ChessBase"]
[SourceDate "2017.12.12"]
[SourceVersion "1"]
[SourceVersionDate "2017.12.12"]
[SourceQuality "1"]
[WhiteTeam "BOV"]
[BlackTeam "Nordkalotten"]
[WhiteTeamCountry "DEN"]
[BlackTeamCountry "DEN"]

1. Nf3 d5 2. g3 c5 3. Bg2 Nc6 4. 0-0 Nf6 5. d3 e5 6. e4 dxe4 7. dxe4 Qxd1 8. Rxd1 Bg4 9. c3 Nxe4 10. Re1 0-0-0 11. Na3 Rd3 12. Be3 f6 13. Nh4 Nd6 14. Bf1 Rd5 15. c4 Rd4 16. Bxd4 Nxd4 17. h3 Be6 18. Re3 g6 19. Rd1 a6 20. Nf3 N6f5 21. Rc3 Bg7 22. Nxd4 Nxd4 23. Nc2 f5 24. Nxd4 cxd4 25. Rcc1 e4 26. b4 d3 27. b5 Rd8 28. bxa6 bxa6 29. Rb1 Kc7 30. a3 Kc6 31. Rb4 Bc3 32. Rb3 Ba5 33. Rb2 Bxc4 34. Rc1 Kd5 35. Rb7 Bb5 36. Rxh7 Ba4 37. Rb1 Ke5 38. Re7+ Kf6 39. Ra7 Rd6 40. Kg2 Bc2 41. Rbb7 d2 42. Be2 d1Q 43. Rf7+ Ke5 44. Rae7+ Kd5 45. Bxd1 Bxd1 46. Rd7 Bc3 47. Rxd6+ Kxd6 48. Rf8 Bb3 49. Kg1 a5 50. h4 a4 51. Ra8 Ke7 52. Ra7+ Kf6 53. Ra6+ Kg7 54. Ra7+ Kh6 55. Re7 Bb2 56. g4 fxg4 57. Rxe4 Bxa3 58. Rxg4 Bc1 59. h5 Kxh5 60. Rg3 g5 61. Rc3 Bb2 0-1

[Event "DEN-chT 1617 55th"]
[Site "Denmark"]
[Date "2017.02.26"]
[Round "7.7"]
[White "Nielsen, Lars Aaes"]
[Black "Greger, Roland Reinhard"]
[Result "1-0"]
[WhiteElo "2239"]
[BlackElo "2307"]
[PlyCount "79"]
[EventDate "2016.10.29"]
[EventType "team-tourn"]
[EventRounds "9"]
[EventCountry "DEN"]
[SourceTitle "EXT 2018"]
[Source "ChessBase"]
[SourceDate "2017.10.13"]
[SourceVersion "1"]
[SourceVersionDate "2017.10.13"]
[SourceQuality "1"]
[WhiteTeam "Nordkalotten"]
[BlackTeam "Bronshoj"]
[WhiteTeamCountry "DEN"]
[BlackTeamCountry "DEN"]

1. e4 e6 2. d4 d5 3. exd5 exd5 4. Nf3 Nc6 5. c4 Nf6 6. Nc3 Bg4 7. Be3 Be7 8. Be2 dxc4 9. Bxc4 0-0 10. 0-0 a6 11. Rc1 Nb4 12. h3 Bh5 13. g4 Bg6 14. Ne5 b5 15. Bb3 c5 16. a3 c4 17. Bxc4 bxc4 18. axb4 Rc8 19. Qa4 Qb6 20. g5 Ne4 21. Nd5 Qe6 22. Qd7 Qxd7 23. Nxd7 Rfe8 24. N7b6 Rb8 25. Nxe7+ Rxe7 26. d5 Bf5 27. Rfd1 h6 28. d6 Nxd6 29. Rxd6 hxg5 30. Rxc4 Bxh3 31. Bxg5 Re1+ 32. Kh2 Be6 33. Rcd4 Kh7 34. Be3 Kg6 35. Nd5 Rh8+ 36. Kg2 Kf5 37. Nf4 Bc8 38. R4d5+ Ke4 39. Bd2 Bb7 40. f3# 1-0

[Event "DEN-chT 1617 55th"]
[Site "Denmark"]
[Date "2017.01.07"]
[Round "4.1"]
[White "Klitgaard, Thomas"]
[Black "Nielsen, Lars Aaes"]
[Result "0-1"]
[WhiteElo "2217"]
[BlackElo "2239"]
[PlyCount "56"]
[EventDate "2016.10.29"]
[EventType "team-tourn"]
[EventRounds "9"]
[EventCountry "DEN"]
[SourceTitle "EXT 2018"]
[Source "ChessBase"]
[SourceDate "2017.10.13"]
[SourceVersion "1"]
[SourceVersionDate "2017.10.13"]
[SourceQuality "1"]
[WhiteTeam "Nordre"]
[BlackTeam "Nordkalotten"]
[WhiteTeamCountry "DEN"]
[BlackTeamCountry "DEN"]

1. d4 e6 2. c4 d5 3. Nc3 Nf6 4. cxd5 Nxd5 5. e4 Nf6 6. Nf3 c5 7. d5 exd5 8. exd5 Bd6 9. Be2 0-0 10. 0-0 Nbd7 11. Bg5 h6 12. Bh4 g5 13. Bg3 Nb6 14. Bxd6 Qxd6 15. Qd2 Bf5 16. h4 g4 17. Nh2 Kg7 18. Rfd1 Rfe8 19. Nf1 Be4 20. Ng3 Bg6 21. Rac1 a6 22. a4 Rad8 23. a5 Nc8 24. Na4 Qe5 25. Nxc5 Rxd5 26. Nd3 Qd6 27. Qf4 Rxd3 28. Qxd6 Rxd6 0-1

[Event "EU-Cup 32nd"]
[Site "Novi Sad"]
[Date "2016.11.10"]
[Round "5.5"]
[White "Nielsen, Lars Aaes"]
[Black "Gengler, Pierre"]
[Result "1/2-1/2"]
[WhiteElo "2241"]
[BlackElo "2243"]
[PlyCount "60"]
[EventDate "2016.11.06"]
[EventType "team-swiss"]
[EventRounds "7"]
[EventCountry "SRB"]
[SourceTitle "CBM 176"]
[Source "ChessBase"]
[SourceDate "2017.01.17"]
[SourceVersion "1"]
[SourceVersionDate "2017.01.17"]
[SourceQuality "1"]
[WhiteTeam "Nordkalotten"]
[BlackTeam "Bieles The Smashing Pawns"]
[WhiteTeamCountry "DEN"]
[BlackTeamCountry "LUX"]

1. e4 c5 2. c3 g6 3. d4 cxd4 4. cxd4 d5 5. exd5 Nf6 6. Bb5+ Bd7 7. Bc4 Bg7 8. Nc3 0-0 9. Nf3 b5 10. Bxb5 Bxb5 11. Nxb5 Qa5+ 12. Nc3 Nxd5 13. 0-0 Nxc3 14. Qe1 Nc6 15. Qxc3 Qd5 16. Be3 Rfd8 17. Rfe1 Nxd4 18. Bxd4 Bxd4 19. Qxd4 Qxd4 20. Nxd4 Rxd4 21. Rxe7 Rd2 22. b4 a5 23. bxa5 Rxa5 24. g3 Raxa2 25. Rxa2 Rxa2 26. Kg2 Kg7 27. Rb7 h5 28. h4 Rc2 29. Ra7 Rb2 30. Rc7 Ra2 1/2-1/2

[Event "South Wales op 13th"]
[Site "Cardiff"]
[Date "2016.07.11"]
[Round "8"]
[White "Petrov, Marian"]
[Black "Nielsen, Lars Aaes"]
[Result "1-0"]
[WhiteElo "2461"]
[BlackElo "2234"]
[PlyCount "75"]
[EventDate "2016.07.07"]
[EventType "swiss"]
[EventRounds "10"]
[EventCountry "WLS"]
[SourceTitle "EXT 2017"]
[Source "ChessBase"]
[SourceDate "2016.10.25"]
[SourceVersion "1"]
[SourceVersionDate "2016.10.25"]
[SourceQuality "1"]

1. e4 e6 2. Qe2 d5 3. exd5 Nf6 4. d4 Nxd5 5. Nf3 c5 6. g3 Nc6 7. dxc5 Bxc5 8. Bg2 0-0 9. 0-0 b6 10. c4 Nde7 11. Rd1 Qe8 12. Nc3 Bb7 13. a3 a5 14. Nb5 Rd8 15. Bf4 Nf5 16. Rxd8 Nxd8 17. Rd1 f6 18. Bd6 Nxd6 19. Nxd6 Qe7 20. Nxb7 Nxb7 21. Bh3 Re8 22. Ne1 Bd6 23. Nc2 Be5 24. b4 axb4 25. axb4 Rd8 26. Re1 Re8 27. f4 Bc3 28. Qxe6+ Kf8 29. Qxe7+ Rxe7 30. Rxe7 Kxe7 31. Kf2 Nd6 32. Ke3 Bb2 33. Kd3 b5 34. c5 Nc4 35. Nd4 Bxd4 36. Kxd4 Nd2 37. Kd5 Nf3 38. c6 1-0

[Event "South Wales op 13th"]
[Site "Cardiff"]
[Date "2016.07.08"]
[Round "3"]
[White "Martin, Lewis"]
[Black "Nielsen, Lars Aaes"]
[Result "0-1"]
[WhiteElo "2053"]
[BlackElo "2234"]
[PlyCount "86"]
[EventDate "2016.07.07"]
[EventType "swiss"]
[EventRounds "10"]
[EventCountry "WLS"]
[SourceTitle "EXT 2017"]
[Source "ChessBase"]
[SourceDate "2016.10.25"]
[SourceVersion "1"]
[SourceVersionDate "2016.10.25"]
[SourceQuality "1"]

1. d4 e6 2. c4 b6 3. Nf3 Bb7 4. g3 Bb4+ 5. Bd2 Be7 6. Bg2 Nf6 7. 0-0 0-0 8. Nc3 Ne4 9. d5 Nxd2 10. Qxd2 Bf6 11. Ne4 d6 12. Nd4 Bxd4 13. Qxd4 e5 14. Qd2 h6 15. g4 Qh4 16. Bf3 Bc8 17. Kh1 Bxg4 18. Bxg4 f5 19. Bxf5 Rxf5 20. Ng3 Rf4 21. e4 Qh3 22. Rg1 Nd7 23. Qe2 Nf6 24. f3 Nh7 25. Nf5 Ng5 26. Rg3 Qh5 27. Rf1 Rf8 28. Qg2 Kh7 29. Rg4 Rxg4 30. fxg4 Qh3 31. Qxh3 Nxh3 32. Kg2 Nf4+ 33. Kg3 Nd3 34. g5 g6 35. Rf3 Nc5 36. Nxd6 Rxf3+ 37. Kxf3 cxd6 38. h4 hxg5 39. hxg5 Nd3 40. b3 Nc1 41. b4 Nxa2 42. b5 Nc1 43. Ke3 Nb3 0-1

[Event "DEN-chT 1516 54th"]
[Site "Denmark"]
[Date "2016.03.06"]
[Round "9.4"]
[White "Nielsen, Lars Aaes"]
[Black "Rathlev, Jakob"]
[Result "1/2-1/2"]
[WhiteElo "2231"]
[BlackElo "2240"]
[PlyCount "115"]
[EventDate "2015.10.31"]
[EventType "team-tourn"]
[EventRounds "9"]
[EventCountry "DEN"]
[SourceTitle "EXT 2017"]
[Source "ChessBase"]
[SourceDate "2016.10.25"]
[SourceVersion "1"]
[SourceVersionDate "2016.10.25"]
[SourceQuality "1"]
[WhiteTeam "Nordkalotten"]
[BlackTeam "Jetsmark"]
[WhiteTeamCountry "DEN"]
[BlackTeamCountry "DEN"]

1. e4 d5 2. exd5 Qxd5 3. Nc3 Qa5 4. Nf3 Nf6 5. Be2 c6 6. 0-0 Bg4 7. h3 Bh5 8. b4 Qc7 9. Nd4 Bg6 10. b5 a6 11. bxc6 Nxc6 12. Nxc6 bxc6 13. Rb1 e6 14. Bf3 Bd6 15. d3 0-0 16. Bd2 Rab8 17. Qe2 Nd5 18. Ne4 Be7 19. c4 Nf4 20. Qe3 e5 21. d4 Ne6 22. dxe5 Bg5 23. Qc3 Bxd2 24. Qxd2 Qxe5 25. Rxb8 Rxb8 26. Re1 Nd4 27. Ng5 Qf6 28. Qe3 Qd6 29. Bd5 cxd5 30. Qxd4 Qb4 31. Rc1 Qa3 32. Qe3 Qxe3 33. fxe3 Rb1 34. Rxb1 Bxb1 35. c5 Kf8 36. a3 Be4 37. Kf2 Ke7 38. Kg3 Kd7 39. Nxf7 Kc6 40. Ng5 Bc2 41. Ne6 Be4 42. Kf2 a5 43. g4 Kb5 44. Kg3 Bg6 45. Kf4 Bf7 46. Nxg7 Kxc5 47. Nf5 a4 48. Ke5 Kc4 49. Nd6+ Kb3 50. Nxf7 Kxa3 51. Kxd5 Kb3 52. Ne5 a3 53. Nd3 Kc3 54. Nc1 Kd2 55. Nb3+ Kxe3 56. Ke5 Kf3 57. Kf5 Kg3 58. Nc1 1/2-1/2

[Event "DEN-chT 1516 54th"]
[Site "Denmark"]
[Date "2015.12.06"]
[Round "3.5"]
[White "Ostergaard, Jens"]
[Black "Nielsen, Lars Aaes"]
[Result "1-0"]
[WhiteElo "2254"]
[BlackElo "2231"]
[PlyCount "119"]
[EventDate "2015.10.31"]
[EventType "team-tourn"]
[EventRounds "9"]
[EventCountry "DEN"]
[SourceTitle "EXT 2018"]
[Source "ChessBase"]
[SourceDate "2017.10.13"]
[SourceVersion "1"]
[SourceVersionDate "2017.10.13"]
[SourceQuality "1"]
[WhiteTeam "Hillerod"]
[BlackTeam "Nordkalotten"]
[WhiteTeamCountry "DEN"]
[BlackTeamCountry "DEN"]

1. d4 Nf6 2. Nf3 e6 3. c4 b6 4. g3 Ba6 5. Nbd2 d5 6. Bg2 c6 7. b3 Bb4 8. 0-0 0-0 9. Bb2 Nbd7 10. Qc2 Re8 11. Rfd1 Rc8 12. e4 Bxd2 13. Nxd2 e5 14. Re1 exd4 15. Bxd4 Nf8 16. exd5 Rxe1+ 17. Rxe1 cxd5 18. Bxf6 gxf6 19. Bh3 Rc6 20. Qd3 Rd6 21. Qf3 Bb7 22. Qg4+ Kh8 23. Bg2 Ng6 24. cxd5 Bxd5 25. Bxd5 Rxd5 26. Nc4 Rd4 27. Qf3 Rd3 28. Qc6 Rd1 29. Rxd1 Qxd1+ 30. Kg2 Kg7 31. Ne3 Qd3 32. Qf3 Ne5 33. Nf5+ Kg6 34. Ne7+ Kg7 35. Qa8 f5 36. Qd5 Qxd5+ 37. Nxd5 Nd3 38. Kf3 Ne5+ 39. Kf4 Nd3+ 40. Ke3 Ne5 41. h3 Nc6 42. Kf4 Kg6 43. b4 b5 44. a3 Nd4 45. h4 Nc2 46. h5+ Kg7 47. Kxf5 Nxa3 48. Nc7 Nc2 49. Na6 Kh6 50. g4 Nd4+ 51. Kf6 Nf3 52. Nc7 Nh2 53. Kf5 a6 54. Nxa6 Nf3 55. Nc7 Nd4+ 56. Kf6 Nc6 57. Nd5 Nb8 58. f4 Nc6 59. Ne3 Nd4 60. Kxf7 1-0

[Event "Politiken Cup 37th"]
[Site "Helsingor"]
[Date "2015.07.31"]
[Round "8"]
[White "Nielsen, Lars Aaes"]
[Black "Aabling Thomsen, Jakob"]
[Result "1-0"]
[WhiteElo "2201"]
[BlackElo "2333"]
[PlyCount "133"]
[EventDate "2015.07.25"]
[EventType "swiss"]
[EventRounds "10"]
[EventCountry "DEN"]
[SourceTitle "CBM 167 Extra"]
[Source "ChessBase"]
[SourceDate "2015.09.14"]
[SourceVersion "1"]
[SourceVersionDate "2015.09.14"]
[SourceQuality "1"]

1. e4 c6 2. c4 e5 3. Nf3 d6 4. d4 Nd7 5. Nc3 Ngf6 6. Be2 Be7 7. 0-0 0-0 8. h3 a6 9. a4 exd4 10. Nxd4 Nc5 11. Qc2 Re8 12. Bf3 a5 13. Rd1 Qb6 14. Be3 Bf8 15. g4 g6 16. Ra3 Qa6 17. Bg5 Bg7 18. b3 Qb6 19. Be3 Qc7 20. Nde2 Qe7 21. Ng3 Na6 22. Raa1 Nd7 23. Rac1 Ndc5 24. Bg2 Nb4 25. Qb1 Be6 26. Na2 Nba6 27. Rd2 Rad8 28. Rcd1 Bc8 29. Nc1 Nb4 30. Na2 Nba6 31. Nc1 Bc3 32. Re2 Be5 33. f4 Bg7 34. Nd3 Qc7 35. Nxc5 dxc5 36. e5 f6 37. exf6 Bxf6 38. Ne4 Bg7 39. Red2 Rxd2 40. Rxd2 Qe7 41. Qd3 Nb4 42. Qd6 Qxd6 43. Rxd6 b6 44. Kf2 Nc2 45. Rd3 Nxe3 46. Kxe3 Bd4+ 47. Kf3 Re7 48. Ng3 b5 49. Ne2 Bb7 50. Nxd4 cxd4 51. c5 Bc8 52. Kf2 bxa4 53. bxa4 Rd7 54. Bxc6 Rc7 55. Bd5+ Kg7 56. c6 h5 57. Kf3 hxg4+ 58. hxg4 g5 59. Rxd4 Kf6 60. Be4 Rg7 61. Rd8 Rc7 62. Rd6+ Ke7 63. Rh6 gxf4 64. Rh7+ Kd6 65. Rxc7 Kxc7 66. g5 Be6 67. g6 1-0

[Event "Politiken Cup 37th"]
[Site "Helsingor"]
[Date "2015.07.26"]
[Round "3"]
[White "Delorme, Axel"]
[Black "Nielsen, Lars Aaes"]
[Result "1-0"]
[WhiteElo "2484"]
[BlackElo "2201"]
[PlyCount "29"]
[EventDate "2015.07.25"]
[EventType "swiss"]
[EventRounds "10"]
[EventCountry "DEN"]
[SourceTitle "CBM 167 Extra"]
[Source "ChessBase"]
[SourceDate "2015.09.14"]
[SourceVersion "1"]
[SourceVersionDate "2015.09.14"]
[SourceQuality "1"]

1. d4 e6 2. Nf3 d5 3. c4 Nf6 4. g3 c6 5. Qc2 Nbd7 6. Bg2 b5 7. c5 Ne4 8. Nbd2 f5 9. a4 b4 10. a5 Ba6 11. Nb3 e5 12. Nxe5 Nxe5 13. dxe5 Qe7 14. f4 Nxc5 15. Be3 1-0

[Event "Copenhagen Challenge"]
[Site "Ballerup"]
[Date "2015.05.02"]
[Round "6"]
[White "Fries Nielsen, Niels Jorgen"]
[Black "Nielsen, Lars Aaes"]
[Result "1-0"]
[WhiteElo "2333"]
[BlackElo "2230"]
[PlyCount "165"]
[EventDate "2015.04.29"]
[EventType "swiss"]
[EventRounds "9"]
[EventCountry "DEN"]
[SourceTitle "CBM 166 Extra"]
[Source "ChessBase"]
[SourceDate "2015.06.18"]
[SourceVersion "1"]
[SourceVersionDate "2015.06.18"]
[SourceQuality "1"]

1. Nf3 d5 2. c4 c6 3. b3 Nf6 4. Bb2 g6 5. d3 Bg7 6. g3 0-0 7. Bg2 Qa5+ 8. Bc3 Qb6 9. 0-0 Nbd7 10. Qc2 Re8 11. Qb2 a5 12. cxd5 cxd5 13. Bd4 Nh5 14. Bxg7 Nxg7 15. Nc3 Nf6 16. Na4 Qd6 17. Qe5 Ra6 18. Rfc1 Ne6 19. e3 Bd7 20. Qxd6 Rxd6 21. Ne5 Bxa4 22. bxa4 Rb6 23. Rab1 Rxb1 24. Rxb1 Nc5 25. Bf3 e6 26. d4 Nxa4 27. Rxb7 Nc3 28. Rxf7 Rf8 29. Re7 Nxa2 30. Rxe6 Nb4 31. Rb6 Ne4 32. Rb5 Nd2 33. Bxd5+ Nxd5 34. Rxd5 Ra8 35. Rc5 a4 36. Rc2 a3 37. Rxd2 a2 38. Rxa2 Rxa2 39. g4 g5 40. Kg2 Kg7 41. Kg3 Re2 42. Nf3 Kf6 43. h4 h6 44. h5 Ra2 45. Nh2 Ra3 46. Nf1 Ke6 47. Kf3 Kd5 48. Ng3 Ra6 49. Nf5 Re6 50. Kg3 Ke4 51. Kg2 Ra6 52. Ng3+ Kd5 53. Kf3 Rf6+ 54. Nf5 Re6 55. Ke2 Ra6 56. Ne7+ Ke6 57. Ng6 Kd5 58. Kf3 Rf6+ 59. Kg3 Ke4 60. Ne5 Ra6 61. Nd7 Kd5 62. Nc5 Ra3 63. Kf3 Ra7 64. Nd3 Rf7+ 65. Kg2 Ra7 66. Kg3 Ke4 67. Nc5+ Kd5 68. Kf3 Rf7+ 69. Ke2 Ra7 70. Nb3 Ra2+ 71. Nd2 Ra6 72. Nf1 Ra2+ 73. Kf3 Ra6 74. Ng3 Rf6+ 75. Kg2 Ra6 76. Nf5 Rb6 77. f3 Kc4 78. Kg3 Kd3 79. d5 Ke2 80. d6 Rb1 81. d7 Rb8 82. Nd4+ Kxe3 83. Ne6 1-0

[Event "Copenhagen Challenge"]
[Site "Ballerup"]
[Date "2015.05.02"]
[Round "7"]
[White "Nielsen, Lars Aaes"]
[Black "Risting, Eivind Olav"]
[Result "1/2-1/2"]
[WhiteElo "2230"]
[BlackElo "2100"]
[PlyCount "119"]
[EventDate "2015.04.29"]
[EventType "swiss"]
[EventRounds "9"]
[EventCountry "DEN"]
[SourceTitle "CBM 166 Extra"]
[Source "ChessBase"]
[SourceDate "2015.06.18"]
[SourceVersion "1"]
[SourceVersionDate "2015.06.18"]
[SourceQuality "1"]

1. e4 e6 2. d4 d5 3. Nc3 Nf6 4. Bg5 dxe4 5. Nxe4 Be7 6. Bxf6 gxf6 7. Qd3 Nc6 8. 0-0-0 Nb4 9. Qb3 Qd5 10. Qxd5 Nxd5 11. c4 Nb6 12. Nc3 Bd7 13. Nf3 c5 14. d5 0-0-0 15. Be2 exd5 16. cxd5 Bf5 17. Nh4 Bd7 18. Bd3 c4 19. Bf5 Bb4 20. Rhe1 Rhg8 21. g3 Bxf5 22. Nxf5 Rg5 23. Ne7+ Kd7 24. d6 Bxc3 25. bxc3 Re5 26. Rxe5 fxe5 27. Nf5 Ke6 28. g4 Nd5 29. Kc2 Nf6 30. f3 Ne8 31. Rb1 Nxd6 32. Nxd6 Rxd6 33. Rxb7 Rd3 34. Rxa7 Rxf3 35. Ra6+ Kd5 36. Rh6 Rf2+ 37. Kd1 Rxa2 38. Rxh7 Ke4 39. g5 Ke3 40. Rxf7 Rxh2 41. g6 Kd3 42. Rf3+ Ke4 43. Rg3 Rh8 44. g7 Rg8 45. Ke2 Kf4 46. Rg1 Ke4 47. Rg4+ Kf5 48. Kf3 e4+ 49. Rxe4 Rxg7 50. Rxc4 Ke5 51. Rc8 Kd5 52. Ke3 Rg3+ 53. Kd2 Rg2+ 54. Kd3 Rg3+ 55. Kc2 Rg1 56. Rd8+ Kc4 57. Rd4+ Kc5 58. Rh4 Rf1 59. Kb3 Rb1+ 60. Kc2 1/2-1/2

[Event "Copenhagen Challenge"]
[Site "Ballerup"]
[Date "2015.05.01"]
[Round "5"]
[White "Nielsen, Lars Aaes"]
[Black "Rishovd, Svein"]
[Result "1-0"]
[WhiteElo "2230"]
[BlackElo "2029"]
[PlyCount "103"]
[EventDate "2015.04.29"]
[EventType "swiss"]
[EventRounds "9"]
[EventCountry "DEN"]
[SourceTitle "CBM 166 Extra"]
[Source "ChessBase"]
[SourceDate "2015.06.18"]
[SourceVersion "1"]
[SourceVersionDate "2015.06.18"]
[SourceQuality "1"]

1. e4 d5 2. exd5 Qxd5 3. Nc3 Qa5 4. Nf3 Nf6 5. Bc4 Bf5 6. 0-0 e6 7. d3 c6 8. Qe2 Be7 9. a3 0-0 10. Nd4 Bg4 11. f3 Bc5 12. Be3 Bxd4 13. Bxd4 Bf5 14. Ne4 Nbd7 15. g4 Bg6 16. h4 h5 17. Ng3 Qc7 18. Kg2 b5 19. Bb3 c5 20. Bxf6 Nxf6 21. g5 Nd5 22. Bxd5 exd5 23. f4 Rae8 24. Qf3 d4 25. Rae1 f6 26. f5 fxg5 27. Rxe8 Bxe8 28. hxg5 g6 29. f6 Bf7 30. Re1 Qd6 31. Re7 a5 32. Ne4 Qd5 33. Qf4 c4 34. Qe5 Rd8 35. Qc7 Rf8 36. Re5 Qa8 37. Kg3 cxd3 38. cxd3 Rc8 39. Qd7 Qb8 40. Nd6 Rf8 41. Nxf7 Rxf7 42. Qe8+ Qxe8 43. Rxe8+ Rf8 44. Re5 Rb8 45. Re7 b4 46. a4 Rc8 47. Rg7+ Kf8 48. Rxg6 Rc2 49. Rh6 Rxb2 50. g6 h4+ 51. Rxh4 Kg8 52. Rxd4 1-0